书目信息 |
| 题名: |
林肯的DNA
|
|
| 作者: | 赖利, 著 ;钟扬 译 | |
| 分册: | ||
| 出版信息: | 上海 上海科技教育出版社 2005.09 |
|
| 页数: | 375页 | |
| 开本: | 21cm | |
| 丛书名: | 世纪人文系列丛书 | |
| 单 册: | ||
| 中图分类: | Q3-49 | |
| 科图分类: | ||
| 主题词: | 遗传学--yi chuan xue--普及读物 | |
| 电子资源: | ||
| ISBN: | 7-5428-3797-4 | |
| 000 | 01140nam 2200265 450 | |
| 001 | 012006242303 | |
| 005 | 20060701100142.71 | |
| 010 | @a7-5428-3797-4@dCNY33.00 | |
| 100 | @a20060610d2005 km y0chiy0120 ea | |
| 101 | 1 | @achi@ceng |
| 102 | @aCN@b310000 | |
| 105 | @ay z 000yy | |
| 200 | 1 | @a林肯的DNA@Alin ken de DNA@e以及遗传学上的其他冒险@f(美) 赖利著 (Reilly, P. R.) 著@F(mei)lai li zhu(Reilly,P.R.)zhu@g钟扬等译@Gzhong yang deng yi |
| 210 | @a上海@c上海科技教育出版社@d2005.09 | |
| 215 | @a375页@d21cm | |
| 225 | 2 | @a世纪人文系列丛书@Ashi ji ren wen xi lie cong shu |
| 330 | @a本书共24章,分为“历史:用DNA来了解过去”、“司法:法庭上的DNA革命”、“行为:是基因令我们如此吗?”、“植物与动物:基因工程和自然世界”、“疾病:医学中的遗传革命”、“两难抉择:遗传技术和个人选择”6 。 | |
| 410 | 0 | @12001 @a世纪人文系列丛书 |
| 517 | 1 | @a以及遗传学上的其他冒险@Ayi ji yi chuan xue shang de qi ta mao xian |
| 606 | 0 | @a遗传学@Ayi chuan xue@j普及读物 |
| 690 | @aQ3-49@v4 | |
| 701 | 1 | @a赖利,@Alai li,@bP. R.@g(Reilly, P. R.)@4著 |
| 702 | 0 | @a钟扬@Azhong yang@4译 |
| 801 | 0 | @aCN@bQSSK@c20060701 |
| 905 | @a10447@dQ3-49@eL030 | |
| 林肯的DNA:以及遗传学上的其他冒险/(美) 赖利著 (Reilly, P. R.) 著/钟扬等译.-上海:上海科技教育出版社,2005.09 |
| 375页;21cm.-(世纪人文系列丛书) |
| ISBN 7-5428-3797-4:CNY33.00 |
| 本书共24章,分为“历史:用DNA来了解过去”、“司法:法庭上的DNA革命”、“行为:是基因令我们如此吗?”、“植物与动物:基因工程和自然世界”、“疾病:医学中的遗传革命”、“两难抉择:遗传技术和个人选择”6 。 |
| ● |
| 相关链接 |
|
|
|
正题名:林肯的DNA
索取号:Q3-49/L030
 
预约/预借
| 序号 | 登录号 | 条形码 | 馆藏地/架位号 | 状态 | 备注 |
| 1 | 582393 | 205823938 | 自科库401/401自科库 27排2列2层/ [索取号:Q3-49/L030] | 在馆 | |
| 2 | 582394 | 205823947 | 自科库401/401自科库 27排2列2层/ [索取号:Q3-49/L030] | 在馆 | |
| 3 | 582395 | 205823956 | 自科库401/401自科库 27排2列2层/ [索取号:Q3-49/L030] | 在馆 |